| 000 | 00968nam a2200289 a 4500 | ||
|---|---|---|---|
| 001 | 000042851 | ||
| 003 | DO-SdBNP | ||
| 005 | 20210721113351.0 | ||
| 008 | 140211s2013 dr r 000 f spa d | ||
| 020 | _a9789945412789 | ||
| 040 |
_aBPMSU _bspa _cBPMSU |
||
| 082 |
_aCh863.44 _bL168f 2013 _222 |
||
| 100 | 1 |
_aLafourcade, Enrique, _d1927- |
|
| 245 | 1 | 3 |
_aLa fiesta del rey Acab / _cEnrique Lafourcade ; prólogo de Pablo A. Mariñe. |
| 260 |
_aSanto Domingo : _bFUNGLODE, _c2013. |
||
| 300 |
_a183 p. ; _c24 cm. |
||
| 490 | 0 | _a Literatura | |
| 500 | _aIncluye datos biográficos del autor en la solapa de la cubierta | ||
| 504 | _aIncluye referencias bibliográficas y notas al pie de las páginas | ||
| 590 | _aInventariado, 2021/VM | ||
| 650 | 4 | _aNovela chilena | |
| 650 | 4 | _aLiteratura chilena | |
| 700 | 1 | 2 |
_aMariñe, Pablo A., _epról. |
| 710 | 2 | _aFundación Global de Desarrollo (República de Dominicana) | |
| 910 | _aVMateo V | ||
| 942 |
_2ddc _cBK |
||
| 999 |
_c13587 _d13587 |
||